Normal view
MARC view
- Mishra A.R. Ed
Entry Personal Name
001 - CONTROL NUMBER
- control field: 122492
003 - CONTROL NUMBER IDENTIFIER
- control field: OSt
005 - DATE AND TIME OF LATEST TRANSACTION
- control field: 20230313121449.0
008 - FIXED-LENGTH DATA ELEMENTS
- fixed length control field: 230313|| aca||aabn | a|a d
040 ## - CATALOGING SOURCE
- Original cataloging agency: OSt
- Transcribing agency: OSt
100 ## - HEADING--PERSONAL NAME
- Personal name: Mishra A.R. Ed
670 ## - SOURCE DATA FOUND
- Source citation: Work cat.: (OSt)100653: Mishra A.R. Ed, Advanced Cellular Network Planning And Optimisation 2g/ 2.5g/ 3g---evolution To 4g